<?xml version="1.0" encoding="UTF-8"?>
<marc:record xmlns:marc="http://www.loc.gov/MARC21/slim">
   <marc:leader>00000nam a2200000 a 4500</marc:leader>
   <marc:datafield ind1="1" ind2=" " tag="100">
      <marc:subfield code="a">Hertweck, Patrick</marc:subfield>
      <marc:subfield code="4">aut</marc:subfield>
      <marc:subfield code="e">Verfasser/-in</marc:subfield>
   </marc:datafield>
   <marc:datafield ind1=" " ind2=" " tag="653">
      <marc:subfield code="a">Kinderbuch</marc:subfield>
   </marc:datafield>
   <marc:datafield ind1=" " ind2=" " tag="653">
      <marc:subfield code="a">Kinderbücher bis 11-Jahre</marc:subfield>
   </marc:datafield>
   <marc:datafield ind1="0" ind2="0" tag="245">
      <marc:subfield code="a">Tara und Tahnee - verloren im Tal des Goldes</marc:subfield>
   </marc:datafield>
   <marc:datafield ind1=" " ind2="1" tag="264">
      <marc:subfield code="b">Thienemann</marc:subfield>
      <marc:subfield code="c">2020</marc:subfield>
   </marc:datafield>
   <marc:datafield ind1="1" ind2=" " tag="520">
      <marc:subfield code="a">Spannender historischer Abenteuerschmöker für Mädchen und Jungen ab 10 Jahren.Sierra Nevada, 1856. Mühsam kämpft sich Tahnee durch die Wildnis. Sie muss ihrem Vater helfen, der von Kopfgeldjägern gejagt wird. Immerzu denkt sie an das Versprechen, das sie ihm gegeben hat: Sie muss es schaffen, nach San Francisco zu kommen! Noch ahnt sie nicht, dass dort in einem herrschaftlichen Anwesen Tara lebt, mit der sie ein besonderes Schicksal verbindet à (Angaben aus der Verlagsmeldung)</marc:subfield>
   </marc:datafield>
   <marc:datafield ind1="3" ind2=" " tag="024">
      <marc:subfield code="a">9783522184670</marc:subfield>
   </marc:datafield>
</marc:record>
